Kökler ve yollar (Record no. 10224)

MARC details
000 -BAŞLIK
Sabit Uzunlukta Kontrol Alanı 00951na a2200289 4500
001 - KONTROL NUMARASI
Denetim Alanı 13039
003 - KONTROL NUMARASI IDENTIFIER
Denetim Alanı MIRAKIL
005 - SON İŞLEM TARİHİ VE ZAMANI
Denetim Alanı 20181213155311.0
008 - SABİT-BOY VERİ ELEMANLARI - GENEL BİLGİLER
Sabit Uzunlukta Kontrol Alanı 160817b tu 000 0
020 ## - ULUSLARARASI STANDART KİTAP NUMARASI
Uluslararası Standart Kitap Numarası 975617658X
035 ## - SİSTEM KONTROL NUMARASI
Sistem Kontrol Numarası 13039
040 ## - KATALOGLAMA KAYNAK
Orijinal Kataloglama Ajansı Milas
Kataloglama Dili tur
Metne Dönüştürmek Ajansı TR-AnCHP
082 ## - DEWEY ONLU SINIFLANDIRMA NUMARASI
Sınıflandırma Numarası 304.8
Ürün Numarası K74k 2007
090 ## - SINIFLAMA NUMARASI
Sınıflama Numarası 304.8 K74k 2007
245 ## - BAŞLIK TABLOSU
Başlık Kökler ve yollar
Başlığın Kalan Türkiye'de göç süreçleri
Sorumluluk Tablosu, Vb derleyenler Ayhan Kaya, Bahar Şahin
246 ## - UNVAN FORM VARYING
Başlık Doğru / Kısa Başlığı Türkiye'de göç süreçleri
260 ## - YAYIN, DAĞITIM, VB
Yayın, Dağıtım, Vb Yeri İstanbul
Yayıncı, Dağıtıcı, Vs Adı İstanbul Bilgi Üniversitesi Yayınları
Yayın, Dağıtım, Vb Tarihi 2007
300 ## - FİZİKSEL TANIM
Kapsam xxxiv, 611 s.
Diğer Fiziksel Ayrıntıları tbl.
Boyutlar 23 sm.
490 ## - SERİSİ TABLOSU
Seri Beyanı Göç Çalışmaları
Hacim / Ardışık Tanımı 7
490 ## - SERİSİ TABLOSU
Seri Beyanı İstanbul Bilgi Üniversitesi yayınları
Hacim / Ardışık Tanımı 159
504 ## - KAYNAKÇA VB NOT
Kaynakça Vb Notu Kaynakça (ss. 545-580) ve dizin var.
650 ## - KONU KATMA GİRİŞ - TOPİKAL DÖNEM
Topikal Süreli Veya Coğrafi Ad Giriş Elemanı Göç ve göçmenler
Coğrafi Alt Bölümü Türkiye
651 ## - KONU KATMA GİRİŞ - COĞRAFİ ADI
Coğrafi İsim Türkiye
Genel Alt Bölümü Göç alma ve göç verme
Kronolojik Alt Bölümü Sosyal yönler
700 ## - KATMA GİRİŞ - KİŞİSEL İSİM
Kişisel Ad Şahin, Bahar
700 ## - KATMA GİRİŞ - KİŞİSEL İSİM
Kişisel Ad Kaya, Ayhan
942 ## - EKLENDİ GİRİŞ ELEMANLARI (KOHA)
Sınıflandırma Veya Raf Düzeni Kaynak
Koha Öğesi Türü Books
999 ## - SİSTEM KONTROL NUMARALARI (KOHA)
Koha Biblionumber 10224
Koha Biblioitemnumber 10224
Holdings
Kalıcı Konum Mevcut Konum Edinme Tarihi Edinim Kaynak Toplam Check-Out'Lar Tam Çağrı Numarası Barkod Tarih Son Görülme İtibaren Geçerli Fiyatlar Koha Öğesi Türü
CHP Kütüphanesi CHP Kütüphanesi 08/04/2016 Bağış   304.8 K74k 2007 000272 08/04/2016 08/04/2016 Books